US States Minesweeper II Quiz Stats

 Plays Quiz Updated Apr 18, 2018

Score 0/40 Timer 05:00
85 Plays Today
% Correct
???
81.4%
???
71.1%
???
71.1%
???
70.9%
???
69.5%
???
68.8%
???
68.5%
???
67.5%
???
67.3%
???
67.3%
???
67.3%
???
67.1%
???
66.3%
???
65.2%
???
65%
???
63.3%
???
62.8%
???
62.6%
???
61.1%
???
60.5%
% Correct
???
60%
???
59.3%
???
58.7%
???
58%
???
54.3%
???
54.1%
???
53.6%
???
53.5%
???
53.4%
???
52.3%
???
52%
???
51.5%
???
50.3%
???
48.9%
???
46%
???
43.2%
???
42.7%
???
42.5%
???
42.2%
???
39.8%

You're not logged in!

Compare scores with friends on all Sporcle quizzes.
OR
Log In

You Might Also Like...

Show Comments

Extras

Top Quizzes Today


Score Distribution

Your Account Isn't Verified!

In order to create a playlist on Sporcle, you need to verify the email address you used during registration. Go to your Sporcle Settings to finish the process.

Report this User

Report this user for behavior that violates our Community Guidelines.

Details: